000
00313 a2200133 4500
000
nam a22 7a 4500
100
_a
Iyengar, T K V
110
_a
Iyengar, T K V
245
_a
Linear Algebra and Calculus
250
_a
Latest edition
260
_b
S Chand
_c
2024
264
_b
S Chand
_c
2024
942
_c
BK
999
_c
397152
_d
397152